[Event "West Wales Open"]
[Site "Swansea"]
[Date "2018.10.14"]
[Round "4"]
[White "Burrows, Mike"]
[Black "Turner, Joseph David"]
[Result "0-1"]
[WhiteElo "1857"]
[BlackElo "1988"]
[Annotator "kemen"]
[PlyCount "114"]
[EventDate "2018.10.12"]
[EventType "swiss"]
[EventRounds "5"]
[EventCountry "WLS"]

1. d4 Nf6 2. c4 g6 3. Nc3 Bg7 4. g3 O-O 5. Bg2 d6 6. Nf3 a6 7. Qc2 Nc6 8. O-O
Nd7 (8... Rb8) (8... Bg4) (8... Bf5) 9. Rd1 e5 (9... Rb8 10. e4 (10. b3 Nb4 11.
Qd2 c5 12. d5 a5 13. Bb2 Na6 14. Nb5 Nf6 15. Nh4 Bd7 16. Bc3 b6 17. Na3 Nc7 18.
Nc2 h6 19. Bxf6 exf6 20. e4 Kh7 21. Re1 Qc8 22. Ne3 b5 {Honsch-Nagy, Zalakaros
op 1996,0-1}) 10... Na5 11. Bf1 Nc6 12. Be3 e5 13. d5 Ne7 14. Ne1 f5 {
Roy-Lawson, Paisley op 1995,0-1}) 10. a3 (10. dxe5 Ndxe5 11. Nxe5 Bxe5 12. Bh6
Re8 13. c5 Nd4 14. Qc1 Bg4 15. f3 Be6 16. cxd6 Nf5 17. Bg5 f6 18. Bd2 Bxd6 19.
Kh1 Qe7 20. e4 Nd4 21. Be3 c5 22. Bxd4 cxd4 23. Rxd4 Be5 24. Nd5 $14 {
Hayrapetyan-Grigoryan, ARM ch, Yerevan 2013,1/2-1/2}) 10... exd4 $17 11. Nd5
Nc5 12. b4 Bf5 13. Qa2 Na4 (13... Ne6) 14. Bg5 f6 (14... Qb8 15. Nf6+ $11) 15.
Bd2 $11 Be4 (15... Be6 16. Qc2 Nc3 17. Nxc3 dxc3 18. Qe4 Ne5 19. Bxc3 Rb8 $11)
16. Rac1 (16. Qb3 Nc3 17. Nxc3 dxc3 18. Bxc3 Qe7 19. c5+ Kh8 20. cxd6 cxd6 21.
a4 $14 {Komodo12}) 16... Kh8 17. b5 (17. Qb3 Nc3 (17... Nb6 18. Nxb6 cxb6 19.
b5 $16) 18. Nxc3 dxc3 19. Bxc3 Qe7 $11 {Komodo121}) 17... Bxf3 18. exf3 (18.
Bxf3 Ne5 19. Bg2 c6 20. bxc6 bxc6 21. Nb4 Qe8 $11 {Komodo12}) 18... Ne5 19. f4
(19. Ba5 b6 20. Be1 f5 21. f4 Nd7 22. Nb4 $11 {Komodo12}) 19... Nd3 20. Rb1
Nac5 (20... axb5 21. cxb5 f5 $15 {Komodo121}) 21. b6 c6 22. Nc7 Rc8 23. Bb4 $14
(23. Bf1 $16) 23... f5 24. Bf1 (24. Qc2 Nxb4 25. axb4 Nd7 (25... Ne4 26. Bxe4
fxe4 27. Qxe4 $14) 26. Ne6 Qe7 27. Nxf8 Qxf8 28. Re1 $14 {Komodo12}) 24... Nxb4
25. axb4 Ne4 26. Ne6 Qf6 27. Nxf8 Qxf8 $17 28. Rbc1 Nc3 29. Qa5 Nxd1 30. Rxd1
Qe8 $17 (30... Re8) 31. b5 axb5 32. Re1 Qd8 (32... Qf7 33. cxb5 c5 $19 {
Komodo12}) 33. cxb5 Ra8 (33... c5 $19) 34. Qb4 c5 35. Qc4 $11 Qxb6 36. Re7 (36.
Qf7) 36... Qd8 37. Rxb7 $14 d3 38. Bxd3 $16 Bd4 39. Qf7 Qg8 40. Qc7 (40. Qxg8+
Rxg8 41. Rd7 c4 (41... d5 42. Rxd5 $18) 42. Bxc4 Rc8 43. Bb3 Rc3 44. Rxd6 Rxb3
45. Rxd4 Rxb5 46. Rd7 $16 {but drawn with all the pawns on one side}) (40. b6
d5 41. Rd7 Qxf7 42. Rxf7 Rb8 43. b7 c4 44. Rc7 Ba7 45. Be2 c3 46. Bd3 d4 47.
Kf1 $18 {Komodo12}) 40... d5 $11 41. Qb6 (41. Qd6) 41... Qd8 42. Qe6 c4 43.
Bxc4 {not neccessary, but Ok if followed with computer precision} (43. Rd7 $1
Qg8 44. Qxd5 Qxd5 45. Rxd5 cxd3 46. Rxd4 Rb8 {much simpler} (46... Ra3 47. Kf1
Rb3 48. Rd5 Kg7 49. Ke1 Rb2 50. Rxd3 Rxb5 {Komodo12}) 47. Rd5 d2 (47... Kg7 48.
Kf1 Kf6 49. Ke1 Ke6 50. Re5+ Kd6 51. Kd2 {improves Bl's K position, but lets
Wh's K loose ( though this might still hold as the Bl R can get behind the
advanced pawnpawn)} Ra8 52. Kxd3 Ra3+ 53. Kd2 Ra2+ 54. Ke3 Ra3+ 55. Ke2 Ra2+
56. Kf3 Ra3+ 57. Kg2 Rb3) 48. Rxd2 Rxb5 49. Rd7 Rb2 {Bl should be able to draw,
as a timely h6 will stop any Wh K entry on the K side & the R will cut off its
route via the Q side}) 43... dxc4 44. Qxc4 (44. Rd7 Qf6 45. Qd5 Bxf2+ (45...
Bb2 46. Qxa8+ Qf8 47. Qxf8#) 46. Kg2 (46. Kxf2 Qb2+ 47. Qd2 c3 48. Qe2 Ra2 49.
Re7 Qb1 $19) 46... Re8 47. Kxf2 Qb2+ 48. Kf1 Qe2+ 49. Kg1 $11 {Bl needs to
take a perpetual to safeguard his K}) 44... Rc8 (44... Ra7 $17 {Komodo12}) 45.
Qf7 Qg8 46. Qe7 Bxf2+ $1 47. Kxf2 (47. Kg2 Bd4 $17) 47... Qa2+ 48. Ke3 Rc3+ (
48... Qb3+ 49. Kd4 Rc4+) 49. Kd4 Qc4+ 50. Ke5 Re3+ 51. Kf6 Qd4+ (51... Qc3+)
52. Qe5 Qd8+ 53. Kf7+ (53. Ke6+) 53... Rxe5 54. fxe5 Qd5+ 55. e6 Qxb7+ 56. e7
Qd5+ 57. Kf8 (57. Kf6 Qxb5) 57... Qg8# 0-1

[Event "West Wales Open"]
[Site "Swansea"]
[Date "2018.10.14"]
[Round "4"]
[White "Howells, Chris"]
[Black "Haigh, Tony"]
[Result "1/2-1/2"]
[WhiteElo "1904"]
[BlackElo "1800"]
[Annotator "kemen"]
[PlyCount "58"]
[EventDate "2018.10.12"]
[EventType "swiss"]
[EventRounds "5"]
[EventCountry "WLS"]

1. c4 e6 2. Nc3 Nf6 3. e4 d5 4. e5 (4. cxd5) 4... Nfd7 (4... d4) (4... Ne4) 5.
d4 (5. cxd5 Nxe5 6. d4 Ng6 7. dxe6 Bxe6 8. d5) 5... dxc4 6. Bxc4 c5 (6... Nb6)
7. f4 (7. Nf3 {main}) 7... cxd4 8. Qxd4 Bc5 (8... Nc6) 9. Qe4 Bxg1 (9... Nc6
10. Nf3 Qb6 11. Rf1 Ne7 12. Bd2 Qc6 13. Rc1 a6 14. Qe2 b5 15. Bd3 Bb7 16. Ne4
Nd5 {Purdy-Greenfield, AUS ch 1932,0-1}) 10. Rxg1 Qh4+ 11. g3 {forces Bl to
take the pawn immediately} (11. Kf1 a6 (11... Nb6 12. Be2 Nc6 13. Rh1 O-O 14.
Kg1 Qe1+ 15. Bf1 Qxe4 16. Nxe4 $14 {Komodo12}) 12. Be3 $16 Qxh2 13. Qf3 Qh4 14.
Ne4 Nc6 15. Nd6+ $18 {Karolyfalvi-Nemeth, Goed op 2004,1-0}) 11... Qxh2 12. Rg2
(12. Ne2 $16 {Komodo12}) 12... Qh5 (12... Qh1+ 13. Kf2 Nc5 14. Qe3 b6 15. b4
Bb7 16. Bf1 Ncd7 17. Bb2 O-O 18. Ne4 $11 {Komodo12}) 13. Nb5 (13. Be3 $16 {
Komodo12}) 13... O-O (13... Na6 14. Nd6+ Kf8 15. Bxa6 $18) 14. Nc7 Nc5 (14...
Nb6 15. Bf1 (15. Be2 Qh1+ 16. Bf1 Bd7) 15... Bd7 16. Qe2 Qg6 17. Nxa8 Nxa8 18.
Qc2 $14 {Komodo12}) 15. Qe2 Qh3 16. Be3 $18 Ne4 17. Bf2 $2 (17. O-O-O $18 b5
18. Bd3 Bb7 19. Rh2 Qf5 20. g4 Qg6 21. Nxa8 Bxa8 22. Bc2 $18) 17... Qxg2 $19
18. Bd3 (18. Nxa8 b5 19. Bxb5 Nxf2 20. Qxf2 Qh1+ 21. Bf1 Qxa8 $19) 18... Qxf2+
(18... Nxg3 19. Qe3 Qh1+ 20. Bg1 Nf5 21. Bxf5 exf5 22. Nxa8 Na6 23. O-O-O Be6
$19 {Komodo12}) 19. Qxf2 Nxf2 20. Kxf2 Bd7 21. Nxa8 Nc6 (21... Rc8 $19) 22. Nc7
a6 (22... Rc8 23. Nb5 Nb4 24. Be2 Bxb5 25. Bxb5 Rc2+ 26. Kf3 Rxb2 $17 {Komodo12
}) 23. Rd1 $11 Nb8 24. Na8 Bc6 25. Nb6 h6 (25... g6) 26. Nc4 Bd5 27. b3 (27. a3
) 27... Nd7 28. Ne3 Bc6 29. Rc1 Ra8 (29... f6 30. exf6 Nxf6 31. Nc4 Ng4+ $15) (
29... Rd8 30. Bxa6 Ra8 31. Be2 Rxa2 $15) 1/2-1/2

[Event "West Wales Open"]
[Site "Swansea"]
[Date "2018.10.14"]
[Round "5"]
[White "Heap, Gerry"]
[Black "Musson, Adam J"]
[Result "1/2-1/2"]
[WhiteElo "2163"]
[BlackElo "2090"]
[Annotator "kemen"]
[PlyCount "55"]
[EventDate "2018.10.12"]
[EventType "swiss"]
[EventRounds "5"]
[EventCountry "WLS"]

1. c4 e5 2. Nc3 Bb4 3. g3 Bxc3 4. dxc3 (4. bxc3) 4... Nf6 (4... d6) (4... Nc6)
5. Bg2 O-O 6. Nf3 Re8 (6... d6) 7. O-O c6 $146 (7... d6) (7... h6) (7... e4 8.
Nd4 d6 9. Qc2 Nbd7 10. f4 exf3 11. exf3 Ne5 12. b3 a6 13. Bd2 Bd7 14. Rae1 {
Heap-Pulkkinen, EU cup, Skopje 2015,1/2-1/2}) 8. Qc2 (8. Bg5 h6 9. Bxf6 Qxf6
10. Nd2 $16 {Komodo12}) 8... d5 $11 9. cxd5 cxd5 10. Rd1 Nc6 (10... h6 {
Komodo12} 11. e4 $11 Nxe4 12. Nxe5 Bf5 13. Nxf7 Qf6 14. Nxh6+ gxh6 15. Qb3 Nc6
16. Rxd5 $14 {Engine tactics}) 11. Bg5 e4 12. Nd4 h6 13. Bf4 Ne5 $11 14. Bxe5
Rxe5 15. c4 Qe7 (15... Bd7) 16. cxd5 (16. c5 $14) 16... Nxd5 (16... Rxd5 $11)
17. Rac1 $14 Bg4 18. h3 Bh5 19. a3 (19. Qc5) 19... Nb6 (19... Rd8 20. Qc5 Qxc5
21. Rxc5 b6 22. Rc4 $14 {Komodo12}) 20. Qc7 Re8 21. Qxe7 (21. g4 Bg6 22. e3 $14
{Komodo12}) 21... R8xe7 22. g4 (22. Rd2) 22... Bg6 23. e3 h5 24. gxh5 (24. Kh2)
24... Bxh5 25. Rd2 Rg5 26. Kh2 f6 27. Rdc2 Nd5 28. Rc8+ {(draw?) gave Gerry
first place & Adam second} (28. Rc8+ Kh7 29. h4 Rge5 30. Bh3 $16) 1/2-1/2

[Event "West Wales Open"]
[Site "Swansea"]
[Date "2018.10.14"]
[Round "5"]
[White "Toczek, Grzegorz"]
[Black "Zeidler, Sven P."]
[Result "1/2-1/2"]
[WhiteElo "2318"]
[BlackElo "2238"]
[Annotator "kemen"]
[PlyCount "112"]
[EventDate "2018.10.12"]
[EventType "swiss"]
[EventRounds "5"]
[EventCountry "WLS"]

1. e4 Nc6 2. Nc3 Nf6 3. d4 d5 4. e5 Nd7 5. Nxd5 {main} (5. f4) 5... Ndb8 6. Ne3
Qxd4 7. Qxd4 Nxd4 8. Bd2 (8. c3 {main} Ne6 9. g3 Bd7 10. Bg2 Bc6 11. f4 Bxg2
12. Nxg2 Nc5 13. Ke2) 8... Nbc6 9. Bc3 (9. O-O-O) 9... Be6 10. O-O-O O-O-O 11.
f4 $146 (11. Ne2 Nb5 12. Rxd8+ Kxd8 13. f4 Nxc3 14. Nxc3 g5 $15 15. fxg5 Nxe5
16. Ne4 (16. Be2 c6 17. Ne4 h6 18. h4 hxg5 19. Rd1+ Kc7 20. hxg5 Bg7 21. Ng3
Ng6 22. Bg4 Be5 (22... Bxg4 23. Nxg4 Rh4 $17) 23. Bxe6 fxe6 24. Ne4 $11 {
Bosch-Porrasmaa, Liechtenstein op, Schaan 1998, 1-0}) 16... h6 17. Kb1 c6 18.
Nc5 Bc8 19. Nc4 Ng4 20. gxh6 (20. g6 $11) 20... Rxh6 {Landenberque-Minasian,
New York op 1993,0-1}) 11... g6 (11... g5 {is more vigourous}) 12. h4 (12. Ne2
Nf5 13. Rxd8+ Nxd8 14. Nxf5 Bxf5 15. Nd4 Be4 16. Rg1 $11 {Komodo12}) 12... Bh6
(12... f6 $15) 13. g3 $11 Nf5 14. Rxd8+ Rxd8 15. Nxf5 Bxf5 (15... gxf5 $5) 16.
Nh3 (16. Nf3 Be4) 16... Bxh3 17. Bxh3+ $14 e6 18. Bg4 (18. Rd1) 18... Bg7 (
18... Bf8) 19. h5 $16 Rg8 (19... Bf8 20. hxg6 hxg6 21. Rh7 Rd7 22. Rh8 Rd8 23.
Rh7 Rd7 {though Wh retains an advantage, so could play on}) 20. hxg6 hxg6 21.
Rh7 Ne7 (21... g5 $5 {Komodo12} 22. Bh5 Nd8 23. fxg5 Bf8 24. Bd2 Be7 25. g6
fxg6 26. Bg4 Bc5 27. Bg5 Bf2 28. Bxd8 Kxd8 29. Bxe6 Re8 30. Rd7+ Kc8 31. Bg4
Kb8 32. Rf7 $16 Be3+ (32... Bxg3 33. Bd7 Rh8 34. e6 $18) 33. Kd1 c6 34. e6 Bd4
35. c3 Be5 36. Kc2 Bxg3 37. Kd3 $16 {Komodo12}) 22. Bf3 Nf5 23. g4 Ne7 24. Kd2
c6 25. Ke2 Kd8 26. Be4 Ke8 27. Bd4 b6 28. b4 (28. c4 c5 29. Bc3 Rh8 30. Rxh8+
Bxh8 31. a3 Kd7 32. b4 Nc6 33. Ke3 $16 {Komodo12}) 28... Nd5 29. Bxd5 (29. c4 {
Fritz11 SE & Komodo12} Nxb4 (29... Nxf4+ 30. Ke3 g5 31. Bxc6+ Ke7 32. b5 {and
Wh has a mobile Q side majority}) 30. a3 c5 31. Bf2 Na6 32. Bh4 Nb8 33. Bg5 Kd7
34. Kd3 a6 35. Kc3 $16 {Bl is starting to run out of moves}) 29... cxd5 30. Kd3
Rh8 31. Rxh8+ Bxh8 32. c4 dxc4+ 33. Kxc4 Kd7 34. Kb5 Kc7 35. Ka6 Kb8 36. a4 Bg7
37. a5 Bf8 38. axb6 axb6 39. Kb5 Kb7 40. Be3 Be7 41. Bf2 Bd8 42. Kc4 Kc6 43.
b5+ Kc7 44. Kd4 Kd7 45. Ke4 Ke8 46. f5 Kf8 (46... exf5+ 47. gxf5 gxf5+ 48. Kxf5
Kd7 $14) 47. f6 Kg8 48. Kf4 Kh7 49. Be1 Kh6 50. Bd2 g5+ 51. Ke4 Kg6 52. Bb4 Kh6
53. Be7 Bc7 54. Kd4 Kg6 55. Bf8 Kh7 56. Ke4 Kg6 1/2-1/2

[Event "West Wales Open"]
[Site "Swansea"]
[Date "2018.10.14"]
[Round "5"]
[White "Underwood, Jon"]
[Black "Jones, Iolo C"]
[Result "1-0"]
[WhiteElo "2114"]
[BlackElo "2225"]
[Annotator "kemen"]
[PlyCount "89"]
[EventDate "2018.10.12"]
[EventType "swiss"]
[EventRounds "5"]
[EventCountry "WLS"]

1. c4 Nf6 2. d4 e6 3. g3 Bb4+ 4. Bd2 a5 (4... Qe7) (4... Be7) (4... Bxd2+) 5.
Bg2 d5 (5... O-O) 6. Qc2 Nc6 7. Nf3 Ne4 (7... dxc4 8. Qxc4 Qd5 {main}) 8. e3 (
8. O-O {main}) 8... O-O (8... Nxd2 9. Nbxd2 Be7 10. O-O O-O 11. Rac1 Nb4 12.
Qb1 c6 13. a3 Na6 14. e4 Bf6 15. Rfe1 g6 16. h4 Bg7 17. e5 Nc7 {
Carbone-Rodriguez Lazo,Montevideo Los Trebejos op 2017,1/2-1/2}) 9. O-O Bxd2
$146 (9... Bd7 10. Nc3 Nxd2 11. Nxd2 dxc4 12. Nxc4 Be7 (12... Re8 13. f4 Qf6
14. Ne4 Qg6 15. Qf2 f6 16. a3 Bf8 17. h3 Rad8 18. Kh1 e5 {melville-Maser, San
Francisco TMN Winter op 2017.0-1}) 13. Qe2 Bf6 14. Rac1 Qb8 15. Ne4 Be7 16.
Rfd1 Rd8 17. h4 Be8 {Andruet-Nykopp, Gausdal Int 1982, 1/2-1/2}) (9... Be7 {
Cloud Engines} 10. Nc3 f5 11. Qb3 a4 (11... Nxc3 12. Bxc3 a4 13. Qc2 Bd7 {
Piscicelli-Slipak, Mar del Plata op 1991.1/2-1/2}) 12. Nxa4 g5 13. Be1 g4 14.
Nh4 Bxh4 15. gxh4 Na5 16. Bxa5 Rxa5 17. cxd5 exd5 18. Nc5 Rf6 19. Nxe4 fxe4 20.
Bxe4 {Grigoryan-Alonso Rosell, Barcelona GM 2017,1-0}) (9... f5 10. a3 Be7 11.
Nc3 Bf6 12. Rac1 Ne7 13. Rfd1 c6 14. c5 Qc7 15. b4 axb4 16. axb4 Nxd2 17. Qxd2
Ng6 18. Ne1 e5 {Jensen-Oe, DAN ch corr 1992,1/2-1/2}) 10. Nbxd2 Nb4 11. Qb1
Nxd2 12. Nxd2 c6 (12... Qd6 13. a3 Nc6 14. Qc2 $16 {Komodo12}) 13. a3 Na6 14.
Qc2 $16 {both the Bl N & B are restricted in their activity} Nc7 15. b4 Qe7 (
15... axb4 16. axb4 Rxa1 17. Rxa1 Qe7 18. Qb2 f6 $14 {Bl is looking to open
the centre} 19. b5 cxb5 20. cxb5 Bd7 21. b6 Nb5 22. Nb3 Qb4 23. Qc2 Qe7 24. Nc5
Bc6 25. Bf1 Nd6 26. Bd3 g6 27. h4 e5 $14 {Komodo12}) 16. Qb2 (16. b5 cxb5 17.
cxd5 Nxd5 18. e4 Nb6 19. e5 Rd8 20. Qd3 Qd7 21. Nf3 h6 $11 {Komodo12}) 16... b5
(16... axb4 17. axb4 Bd7 18. f4 f6 19. e4 Rfd8 $14 {Komodo12}) 17. c5 (17. cxb5
axb4 18. Qxb4 Qxb4 19. axb4 Rxa1 20. Rxa1 Nxb5 21. Nb3 $16 {Komodo12- Bl still
has problems with his QB}) 17... Bd7 18. Nb3 a4 {closing the Q side- but it
means that Wh can now switch to the K side} (18... axb4 19. axb4 f6 20. f4 Ra4
21. Na5 e5 22. fxe5 Rxa1 23. Qxa1 fxe5 24. Rxf8+ Qxf8 25. dxe5 Qf5 $11 {
Komodo12- Bl has got some play for the half pawn down}) 19. Nc1 (19. Na5 {
Komodo12- but the N looks a little offside}) 19... f6 20. Nd3 Rae8 (20... Be8 {
and the B has some prospects} 21. f3 Bg6 22. e4 Rae8 $14 {Komodo12}) 21. Rae1 {
meanwhile Wh is engaged in a leisurely buildup, needing to take no risks} Qf7
22. f4 Qg6 {the B is needed here, not the Q on her own facing a hostile advance
} 23. Qe2 Qh6 24. h4 Qg6 25. Kh2 Re7 26. Rh1 Be8 27. g4 (27. e4 dxe4 28. Bxe4
Qf7 29. Rhf1 $16 {Komodo12}) 27... Kh8 28. Ref1 (28. Bf3) 28... Bd7 29. h5 (29.
g5 Rg8 30. Bh3 Qe8 31. Rhg1 $16 {Komodo12}) 29... Qe8 30. Kg1 Qc8 31. Bf3 Na6
32. Rf2 (32. h6 g6 33. g5 $18 {Komodo12} f5 34. Ne5 Be8 {and Engines'
judgements are not always to be trusted either- the position is completely
blockedare no}) 32... Nb8 33. g5 Be8 (33... e5 {Komodo12-probably had to be
played, just to get some space for the Bl pieces} 34. gxf6 gxf6 35. dxe5 Rg7+
36. Rg2 Rxg2+ 37. Kxg2 Qd8 38. exf6 Qxf6 39. Qb2 Qxb2+ 40. Nxb2 Bf5 41. Kf2 Nd7
$16 {but Wh still has to win it}) 34. h6 fxg5 (34... Bg6 35. hxg7+ Rxg7 36.
gxf6 Rxf6 37. Rg2 Nd7 38. Nf2 $16 {Komodo12}) 35. fxg5 Nd7 (35... Bg6 36. Ne5
Bf5 37. e4 dxe4 38. Bxe4 Qd8 39. Qe3 Bxe4 40. Rxf8+ Qxf8 41. Qxe4 Qf5 42. Qxf5
exf5 43. hxg7+ Kxg7 (43... Rxg7 44. Kf2) 44. Kf2 {and the Wh K gets to f4}) 36.
Bg4 Bg6 (36... Rxf2 37. Qxf2 Bg6 38. Nf4 Bf5 39. Bxf5 exf5 40. hxg7+ Rxg7 41.
Kf1 $18 {Komodo12} Rxg5 42. Rxh7+) 37. Nf4 $18 Bf5 38. g6 {not the best} (38.
hxg7+ Rxg7 39. Bxf5 Rxf5 (39... exf5 40. Ne6) 40. Nxe6 $18 {Komodo12}) (38.
Bxf5 Rxf5 39. hxg7+ Kxg7 40. Nxe6+ $18) 38... Bxg4 (38... Bxg6 39. hxg7+ (39.
Nxe6 Rxf2 40. Qxf2 gxh6 41. Qh4 Qe8 42. Nf4 Rxe3 43. Kf2 Nf8 $11) (39. Nxg6+
hxg6 40. hxg7+ Kxg7 41. Rxf8 Qxf8 42. Qh2 Nf6 43. Qe5 Qf7 44. Be2 Re8 45. Rh2
Rf8 46. Bd3 Rg8 47. Rg2 Kf8 48. Qd6+ Qe7 49. Qxc6 $18 {Komodo12- but it takes
quite a bit of careful play}) 39... Rxg7 40. Nxe6 Rxf2 41. Qxf2 Rf7 42. Nf4 Qg8
43. Kh2 $14) 39. Qxg4 Nf6 40. Qg5 $18 gxh6 (40... e5 41. dxe5 Qg4+ 42. Rg2 Qxg5
43. hxg7+ Rxg7 44. Rxg5 Ne4 45. Rgh5 Re8 46. Rxh7+ Rxh7 47. Rxh7+ Kg8 48. Rc7
$18) 41. Rxh6 Qb8 42. gxh7 (42. Nxe6 $1 {Komodo12- mating} Kg8 (42... Rxe6 43.
g7+ Kg8 44. gxf8=Q+ Kxf8 45. Rhxf6+ Rxf6 46. Qxf6+ Ke8 47. Qf8+ Kd7 48. Rf7+
Ke6 49. Qe7#) 43. gxh7+ Kh8 44. Rhxf6 Rfe8 45. Rg2 {mating soon}) 42... Rg7 43.
Ng6+ Rxg6 44. Qxg6 Ne4 45. Rg2 1-0

[Event "West Wales Open"]
[Site "Swansea"]
[Date "2018.10.14"]
[Round "4"]
[White "Fathallah, Joe"]
[Black "Homer, Stephen J"]
[Result "1-0"]
[WhiteElo "2067"]
[BlackElo "2114"]
[Annotator "kemen"]
[PlyCount "101"]
[EventDate "2018.10.12"]
[EventType "swiss"]
[EventRounds "5"]
[EventCountry "WLS"]

1. d4 Nf6 2. c4 e6 3. Nc3 Bb4 4. Qc2 b6 (4... O-O) 5. Bg5 (5. e4) (5. a3) 5...
h6 6. Bh4 Bb7 7. f3 c5 8. a3 (8. e3) 8... cxd4 (8... Bxc3+) (8... Ba5) 9. axb4
dxc3 10. Qxc3 (10. bxc3 d5 (10... Nc6 11. e3 Qe7 12. Ne2 e5 13. e4 d6 14. Ng3
g6 15. Be2 Bc8 16. Nf1 O-O 17. Ne3 Be6 18. O-O $16 {Asefi-Pitlano, Turin ol
2006,0-1}) 11. cxd5 g5 12. Bf2 Nxd5 13. e4 $18 {Lorenz-Besch, Pinneburg ch,
2006,1-0}) 10... Qe7 (10... d5) 11. Bxf6 Qxf6 12. Qxf6 gxf6 13. e4 Ke7 $11 14.
Ne2 Rc8 15. Nd4 (15. Nc3) 15... Nc6 16. Nxc6+ Bxc6 17. Bd3 a5 18. b5 Bb7 19.
Kf2 $11 {but Wh has a lot of pawns obstructing his B, with c4 weak} Kd6 20. Ke3
Kc5 21. Rhc1 (21. Rhd1 {Fritz11 SE & Komodo12}) 21... Rg8 22. g3 Rac8 23. Rc3 (
23. Ra4 {protects the pawn & keeps the K out}) 23... Rg5 24. f4 Rgg8 25. Be2 f5
{opening up lines against the Wh K} 26. exf5 exf5 27. Bf3 Rge8+ 28. Kf2 Bxf3
29. Kxf3 Re4 30. Rd1 Kb4 (30... Rd4 31. Rcc1 Rxd1 32. Rxd1 a4 33. Rxd7 Kxc4 $17
{Komodo12}) 31. Rxd7 Rcxc4 32. Rxc4+ Rxc4 33. Rxf7 Rc5 $11 34. Rf6 Rxb5 35.
Rxh6 Kc4 (35... Kc5 36. Rf6 Rb3+ 37. Kf2 Rxb2+ 38. Ke3 Rb3+ 39. Kd2 a4 40.
Rxf5+ Kc4 41. Rf7 a3 42. Ra7 b5 43. f5 Rf3 44. Ke2 Rxf5 45. Rxa3 b4 46. Ra7 $11
(46. Re3 $11 {Lomonosov tablebases})) 36. Rc6+ Kb3 (36... Kd3 37. Rd6+ Kc2 38.
h4 Rb3+ 39. Kg2 Rxb2 40. h5 a4 41. h6 Kc3+ 42. Kh3 Rb1 43. Kg2 Rb2+ $11 {
Komodo12}) 37. h4 Kxb2 38. h5 Rb3+ 39. Kg2 $16 a4 40. h6 Rd3 41. Rxb6+ Kc2 42.
Ra6 Kb3 43. Kh3 (43. Rb6+ Kc4 44. h7 Rd8 45. Ra6 Kb3 {looks like holding as
the a pawn gets to be dangerous- Komodo12 just keeps checking while insisting
Wh is definitely superior} 46. g4 {worth a try} fxg4 47. Kg3 a3 48. Kxg4 Rh8
49. Ra7 a2 50. Kg5 (50. Rb7+ {draws}) (50. f5 {draws}) 50... Rxh7 51. Rxa2 {
draws}) 43... a3 44. Kh4 a2 (44... Rd7 45. Kg5 a2 46. Kxf5 Rd6 47. Rxa2 Kxa2
48. Kg5 {and despite Komodo12 only giving Wh a small edge, it is a clear Wh
win( Nalimov tablebases) as the Bl K is too far away}) 45. h7 Rd8 (45... Rd1
46. Kg5 Rh1 47. Kg6 (47. Kxf5 {Rudy} Rxh7 {Komodo12 gives this position as
small advantage for Bl, humans would consider it gives Wh good practical
winning chances. Lomonosov tablebases give it as drawn ( the Wh pawns are not
quite advanced enough)} 48. g4 Rh1 49. Rxa2 Kxa2 50. g5 Kb3 {the Bl K just
gets back in time} 51. Kf6 Kc4 52. g6 Kd5 53. g7 Rg1 54. f5 Ke4 55. Kf7 Kxf5
56. g8=Q Rxg8 57. Kxg8) 47... Rh3 $11 {Komodo12}) 46. Kg5 Kb2 47. Kxf5 a1=Q 48.
Rxa1 Kxa1 49. g4 $18 Kb2 50. g5 Kc3 51. g6 1-0

[Event "West Wales Open"]
[Site "Swansea"]
[Date "2018.10.14"]
[Round "5"]
[White "Jones, Ian Robert"]
[Black "Paul, Nathanael"]
[Result "1/2-1/2"]
[WhiteElo "2006"]
[BlackElo "2090"]
[Annotator "kemen"]
[PlyCount "49"]
[EventDate "2018.10.12"]
[EventType "swiss"]
[EventRounds "5"]
[EventCountry "WLS"]

1. e4 c6 2. d4 d5 3. Nc3 dxe4 4. Nxe4 Bf5 5. Ng3 Bg6 6. Nh3 e6 7. Nf4 Bd6 8.
Nxg6 (8. h4 Qc7 9. Nxg6 hxg6 10. Ne4 Bf4 {main line}) 8... hxg6 9. Ne4 Be7 10.
c3 (10. g3 {more frequent}) 10... Nf6 11. Nxf6+ (11. Bd3) 11... Bxf6 12. Be2
$146 (12. Bf4) (12. Qb3 {Engines}) (12. Bd3 {played}) 12... Nd7 13. Bf4 Nb6 14.
Bg3 Nd5 15. Qb3 Qb6 16. Bf3 Rd8 17. Qxb6 Nxb6 (17... axb6) 18. Bc7 Ra8 19. Bxb6
axb6 20. a3 Kd7 21. h3 Ra5 22. O-O-O Kc7 23. Kc2 b5 24. Rhe1 Raa8 25. Re2 {
(draw?) Komodo12 judges = vitually all game} 1/2-1/2